[Event "BIH-chT1B"]
[Site "Neum"]
[Date "2012.08.28"]
[Round "6.1"]
[White "Trkulja, Goran"]
[Black "Iveljic, Igor"]
[Result "1/2-1/2"]
[WhiteElo "2390"]
[BlackElo "2318"]
[PlyCount "105"]
[EventDate "2012.08.25"]
[EventType "team-tourn"]
[EventRounds "9"]
[EventCountry "BIH"]
[SourceTitle "CBM 150 Extra"]
[Source "ChessBase"]
[SourceDate "2012.10.19"]
[SourceVersion "1"]
[SourceVersionDate "2012.10.19"]
[SourceQuality "1"]

1. c4 Nf6 2. Nf3 g6 3. b3 Bg7 4. Bb2 c5 5. g3 Nc6 6. Bg2 d6 7. 0-0 0-0 8. Nc3 Bd7 9. d4 cxd4 10. Nxd4 Qa5 11. h3 Rfc8 12. e3 Rab8 13. Rc1 a6 14. a3 Qd8 15. Nd5 Nxd5 16. cxd5 Nxd4 17. Bxd4 Rxc1 18. Qxc1 Rc8 19. Qb2 Bxd4 20. exd4 Rc7 21. Re1 Qc8 22. Rxe7 Rc2 23. Qxc2 Qxc2 24. Rxd7 Qc1+ 25. Kh2 Qxa3 26. Rxb7 a5 27. Rb6 Kg7 28. h4 h6 29. Ra6 Qb4 30. Kg1 f5 31. Bf1 g5 32. hxg5 hxg5 33. Ra7+ Kf6 34. Ra8 f4 35. gxf4 gxf4 36. Bc4 Qc3 37. Ra6 Ke7 38. Ra7+ Kd8 39. Ra8+ Kc7 40. Ra7+ Kb8 41. Ra6 f3 42. Rxd6 Qc1+ 43. Bf1 Qg5+ 44. Kh1 Qh4+ 45. Kg1 Qg4+ 46. Kh1 Qxd4 47. Kg1 Kc7 48. Rc6+ Kb7 49. Re6 Qxd5 50. Re3 Qg5+ 51. Kh2 Qh4+ 52. Kg1 Qg4+ 53. Kh2 1/2-1/2

[Event "Bosnjaci op 17th"]
[Site "Bosnjaci"]
[Date "2012.01.06"]
[Round "5"]
[White "Blagojevic, Marijan"]
[Black "Iveljic, Igor"]
[Result "0-1"]
[WhiteElo "2109"]
[BlackElo "2324"]
[PlyCount "64"]
[EventDate "2012.01.03"]
[EventType "swiss"]
[EventRounds "9"]
[EventCountry "CRO"]
[SourceTitle "CBM 146 Extra"]
[Source "ChessBase"]
[SourceDate "2012.02.29"]
[SourceVersion "1"]
[SourceVersionDate "2012.02.29"]
[SourceQuality "1"]

1. d4 Nf6 2. c4 g6 3. Nc3 Bg7 4. e4 d6 5. Nf3 0-0 6. Be2 e5 7. 0-0 Nc6 8. d5 Ne7 9. Ne1 Nd7 10. Be3 f5 11. f3 f4 12. Bf2 g5 13. Rc1 Ng6 14. b4 Nf6 15. c5 Rf7 16. cxd6 cxd6 17. a4 h5 18. a5 g4 19. Kh1 g3 20. Bg1 gxh2 21. Bf2 h4 22. Nb5 Nh5 23. Nxa7 Bd7 24. Nb5 Bxb5 25. Bxb5 Qg5 26. Kxh2 Ng3 27. Rc3 Bf8 28. Qc2 h3 29. gxh3 Rh7 30. Bb6 Nxf1+ 31. Bxf1 Qg3+ 32. Kh1 Qxe1 0-1

[Event "Zupanja op 5th"]
[Site "Zupanja"]
[Date "2011.08.20"]
[Round "7"]
[White "Dizdarevic, Emir"]
[Black "Iveljic, Igor"]
[Result "1-0"]
[WhiteElo "2481"]
[BlackElo "2324"]
[PlyCount "65"]
[EventDate "2011.08.19"]
[EventType "swiss"]
[EventRounds "9"]
[EventCountry "CRO"]
[SourceTitle "CBM 143 Extra"]
[Source "ChessBase"]
[SourceDate "2011.08.29"]
[SourceVersion "1"]
[SourceVersionDate "2011.08.29"]
[SourceQuality "1"]

1. Nf3 Nf6 2. g3 g6 3. Bg2 Bg7 4. b3 0-0 5. Bb2 d6 6. d4 c5 7. c4 Nc6 8. 0-0 cxd4 9. Nxd4 Bd7 10. Qd2 Nxd4 11. Bxd4 Bc6 12. Nc3 Qa5 13. Rad1 Rfc8 14. Rfe1 a6 15. a4 Nd7 16. Bh3 Bxd4 17. Qxd4 Rd8 18. Bxd7 Rxd7 19. e4 Rdd8 20. Re3 Qc5 21. Qd2 Rac8 22. Nd5 Bxd5 23. exd5 Rd7 24. Rde1 b5 25. axb5 axb5 26. Re4 Kg7 27. Rxe7 Rxe7 28. Rxe7 bxc4 29. Qc3+ Kg8 30. bxc4 Qb6 31. Kg2 Qd8 32. Qf6 Qf8 33. Rd7 1-0

[Event "BIH-chT1"]
[Site "Tuzla"]
[Date "2010.07.19"]
[Round "3"]
[White "Danchevski, Orce"]
[Black "Iveljic, Igor"]
[Result "1/2-1/2"]
[WhiteElo "2423"]
[BlackElo "2302"]
[PlyCount "70"]
[EventDate "2010.07.18"]
[EventType "team-swiss"]
[EventRounds "9"]
[EventCountry "BIH"]
[SourceTitle "CBM 137 Extra"]
[Source "ChessBase"]
[SourceDate "2010.09.01"]
[SourceVersion "1"]
[SourceVersionDate "2010.09.01"]
[SourceQuality "1"]

1. c4 Nf6 2. Nc3 g6 3. e4 d6 4. d4 Bg7 5. Bd3 0-0 6. Nge2 Nc6 7. 0-0 Nh5 8. Be3 e5 9. d5 Nd4 10. Bxd4 exd4 11. Nb5 c5 12. dxc6 bxc6 13. Nbxd4 Qb6 14. Nb3 Bxb2 15. Rb1 Bg7 16. c5 dxc5 17. Qc2 Qd8 18. Nxc5 Qe7 19. f4 Bg4 20. e5 Rfb8 21. Rxb8+ Rxb8 22. Nd4 Bf8 23. Ndb3 Qd8 24. Be4 Ng7 25. h3 Bf5 26. Rd1 Qh4 27. Bxf5 Nxf5 28. Qf2 Qxf2+ 29. Kxf2 Bxc5+ 30. Nxc5 Rb2+ 31. Kf3 Rxa2 32. g4 Ra3+ 33. Kf2 Ra2+ 34. Kf3 Ra3+ 35. Kf2 Ra2+ 1/2-1/2

[Event "BIH-chT1"]
[Site "Tuzla"]
[Date "2010.07.19"]
[Round "2"]
[White "Iveljic, Igor"]
[Black "Trumic, Enes"]
[Result "1-0"]
[WhiteElo "2302"]
[BlackElo "2338"]
[PlyCount "79"]
[EventDate "2010.07.18"]
[EventType "team-swiss"]
[EventRounds "9"]
[EventCountry "BIH"]
[SourceTitle "CBM 137 Extra"]
[Source "ChessBase"]
[SourceDate "2010.09.01"]
[SourceVersion "1"]
[SourceVersionDate "2010.09.01"]
[SourceQuality "1"]

1. e4 e5 2. Nf3 Nc6 3. Bc4 Nf6 4. d3 Be7 5. 0-0 0-0 6. Re1 d6 7. c3 Be6 8. Nbd2 Nd7 9. Bb3 Bxb3 10. axb3 f5 11. b4 Qe8 12. b5 Nd8 13. exf5 Rxf5 14. d4 Qf7 15. dxe5 Nxe5 16. Nxe5 dxe5 17. Ne4 Ne6 18. Be3 h6 19. Qd5 Rf8 20. Qxb7 Bh4 21. Rf1 Qg6 22. Ra6 Kh7 23. Qd5 Nf4 24. Bxf4 exf4 25. Qd3 Qe8 26. Nf6+ Bxf6 27. Qxf5+ Kh8 28. Qxf4 Bxc3 29. Rxh6+ gxh6 30. Qxh6+ Kg8 31. bxc3 Qxb5 32. Qg6+ Kh8 33. Re1 Qb2 34. Qh6+ Kg8 35. Qg5+ Kh8 36. Qe5+ Kg8 37. Qg3+ Kh8 38. h3 Qd2 39. Re4 Rf6 40. Re8+ 1-0

[Event "Senta op-A 13th"]
[Site "Senta"]
[Date "2009.07.23"]
[Round "7"]
[White "Iveljic, Igor"]
[Black "Elez, Sinisa"]
[Result "1-0"]
[WhiteElo "2278"]
[BlackElo "2103"]
[PlyCount "59"]
[EventDate "2009.07.18"]
[EventType "swiss"]
[EventRounds "9"]
[EventCountry "YUG"]
[SourceTitle "CBM 131 Extra"]
[Source "ChessBase"]
[SourceDate "2009.09.03"]
[SourceVersion "2"]
[SourceVersionDate "2009.09.16"]
[SourceQuality "1"]

1. e4 c5 2. Nf3 d6 3. d4 cxd4 4. Nxd4 Nf6 5. Nc3 a6 6. f4 Nc6 7. Nf3 e6 8. Bd3 Be7 9. 0-0 b5 10. Kh1 0-0 11. Qe2 Bb7 12. Be3 Qc7 13. a4 b4 14. Nb1 d5 15. e5 Ne4 16. Nbd2 Na5 17. Rad1 Rfd8 18. Bd4 Nc6 19. Nxe4 dxe4 20. Bxe4 Nxd4 21. Nxd4 Bxe4 22. Qxe4 Rac8 23. f5 exf5 24. Nxf5 Bf8 25. Nd4 Qd7 26. Rd3 Rxc2 27. Rh3 f5 28. Qxc2 Qxd4 29. Qxf5 g6 30. Qf7+ 1-0

[Event "BIH CFFBH-chT1"]
[Site "Cazin"]
[Date "2009.07.01"]
[Round "7"]
[White "Rasidovic, Sead"]
[Black "Iveljic, Igor"]
[Result "1-0"]
[WhiteElo "2324"]
[BlackElo "2273"]
[PlyCount "89"]
[EventDate "2009.06.27"]
[EventType "team-tourn"]
[EventRounds "9"]
[EventCountry "BIH"]
[SourceTitle "EXT 2019"]
[Source "ChessBase"]
[SourceDate "2018.10.10"]
[SourceVersion "1"]
[SourceVersionDate "2018.10.10"]
[SourceQuality "1"]

1. e4 e5 2. Nf3 Nc6 3. Nc3 Nf6 4. d4 exd4 5. Nxd4 Bb4 6. Nxc6 bxc6 7. Bd3 d5 8. exd5 cxd5 9. 0-0 0-0 10. Bg5 c6 11. Qf3 Be7 12. Rfe1 Rb8 13. Rab1 Be6 14. Ne2 h6 15. Bf4 Bd6 16. Nd4 Bxf4 17. Qxf4 Bd7 18. b4 a5 19. a3 axb4 20. axb4 Qb6 21. c3 Ra8 22. Qd6 Qb8 23. Qc5 Qa7 24. Qxa7 Rxa7 25. f3 Ra3 26. Rbc1 Rc8 27. Bf5 Kf8 28. c4 Bxf5 29. Nxf5 Raa8 30. c5 Rcb8 31. Nd4 Rxb4 32. Nxc6 Rc4 33. Ne5 Rxc1 34. Rxc1 Rc8 35. Kf2 Ne8 36. Ke3 f6 37. Nd7+ Ke7 38. Nb6 Rd8 39. Ra1 Ke6 40. Ra7 g6 41. Kd4 h5 42. g3 Rc8 43. Nxd5 Rd8 44. Re7+ Kf5 45. c6 1-0

[Event "BIH CFFBH-chT1"]
[Site "Cazin"]
[Date "2009.06.29"]
[Round "4"]
[White "Iveljic, Igor"]
[Black "Stavnjak, Lazar"]
[Result "1-0"]
[WhiteElo "2273"]
[BlackElo "2263"]
[PlyCount "105"]
[EventDate "2009.06.27"]
[EventType "team-tourn"]
[EventRounds "9"]
[EventCountry "BIH"]
[SourceTitle "EXT 2019"]
[Source "ChessBase"]
[SourceDate "2018.10.10"]
[SourceVersion "1"]
[SourceVersionDate "2018.10.10"]
[SourceQuality "1"]

1. d4 e6 2. c4 Nf6 3. Nf3 Bb4+ 4. Bd2 Qe7 5. g3 0-0 6. Bg2 Bxd2+ 7. Nbxd2 d6 8. 0-0 Nbd7 9. e4 e5 10. d5 Nc5 11. Qc2 a5 12. Ne1 g5 13. Nd3 Nxd3 14. Qxd3 Nd7 15. Qc3 Nc5 16. Rae1 f6 17. b3 b6 18. a3 Bd7 19. b4 Nb7 20. Nb3 Ba4 21. Nc1 Bd7 22. Nd3 Ra7 23. Ra1 Rfa8 24. Rfe1 Qf8 25. f3 Kg7 26. Bf1 Qb8 27. Be2 axb4 28. axb4 Rxa1 29. Rxa1 Ra7 30. f4 Qa8 31. Rxa7 Qxa7 32. fxg5 Qa2 33. gxf6+ Kxf6 34. Bf1 Ba4 35. Qc1 Kg6 36. Nf2 Bd7 37. Bh3 Bxh3 38. Nxh3 h6 39. Qf1 Qd2 40. Qf5+ Kg7 41. Qd7+ Kg6 42. Qf5+ Kg7 43. Qd7+ Kg6 44. Nf2 Qxb4 45. Qe6+ Kg7 46. Qe7+ Kg6 47. h4 Qe1+ 48. Kg2 Qe2 49. g4 h5 50. g5 Nc5 51. Qf6+ Kh7 52. Qf7+ Kh8 53. g6 1-0